000 01004nam a2200289 i 4500
001 bg
100 1 _aTaylor, John R.
_d(1939- ).
245 1 0 _aWstęp do analizy błędu pomiarowego /
_cJohn R. Taylor ; z ang. tł. Adam Babiński, Rafał Bożek.
246 _iTyt. oryg.:
_aAn introduction to error analysis
250 _aWyd. 2 zm.
260 _aWarszawa :
_bWydaw. Naukowe PWN,
_c1999.
300 _a381, [1] s. :
_brys., wykr. ;
_c24 cm.
500 _aTyt. oryg. : "An introduction to error analysis" 1997 . - Tekst także na s. 2-3 okł.
504 _aBibliogr. s. 351.
650 9 _aBłędy
_xteoria
650 9 _aPomiary
_xbłędy
_xteoria
650 9 _aRachunek prawdopodobieństwa
_xstosowanie
_xfizyka
650 9 _aStatystyka matematyczna
_xstosowanie
_xfizyka
655 _aPodręczniki akademickie
020 _a8301128763
040 _cBPK
041 1 _apl
_hen
080 _a519.2:517.9
920 _a83-01-12876-3
942 _cKS
008 s pl f |000 0 pol
999 _c36674
_d36674
856 _uhttp://koha.tu.koszalin.pl/cgi-bin/koha/opac-detail.pl?biblionumber=36674
_yKatalog online BPK